Hlinené domy novej generácie
Na minha lista:
| Autor principal: | |
|---|---|
| Formato: | Livro |
| Idioma: | eslovaco |
| Publicado em: |
Bratislava :
Alfa,
1991
|
| Edição: | 1. vyd. |
| Assuntos: | |
| Tags: |
Sem tags, seja o primeiro a adicionar uma tag!
|
MARC
| LEADER | 00000nam a22000003a 4500 | ||
|---|---|---|---|
| 001 | stu11143 | ||
| 005 | 20150617225801.9 | ||
| 008 | 950223s1991----cs------------------slo-d | ||
| 040 | |a STU |b slo | ||
| 041 | 0 | |a slo | |
| 044 | |a cs | ||
| 100 | 1 | |a Suske, Petr |4 aut | |
| 245 | 1 | |a Hlinené domy novej generácie | |
| 250 | |a 1. vyd. | ||
| 260 | |a Bratislava : |b Alfa, |c 1991 | ||
| 300 | |a 159 s | ||
| 650 | 7 | |a domy hlinené |2 stusub | |
| 650 | 7 | |a Materiály stavebné |2 stusub | |
| 650 | 7 | |a ekologická architektúra |2 stusub | |
| 996 | |b 284AU02876 |c A*2097 U |l AAKNST |s P |a 0 |w stu11143_0001 | ||
| 996 | |b 284AU00701 |c A*2098 U |l AAKNAR |s A |a 24 |w stu11143_0002 | ||